El mariscal Pardo de Cela y la Iglesia de Mondoñedo a la luz de nueva documentación histórica / (Record no. 101329)

MARC details
000 -LEADER
campo de control de longitud fija 00542nam a2200157 i 4500
001 - NÚMERO DE CONTROL
campo de control 101329
003 - IDENTIFICADOR DE NÚMERO DE CONTROL
campo de control ES-MaACL
005 - FECHA Y HORA DE LA ÚLTIMA TRANSACCIÓN
campo de control 20230906182855.0
007 - CAMPO FIJO DE DESCRIPCIÓN FÍSICA--INFORMACIÓN GENERAL
campo de control de longitud fija t|
008 - DATOS DE LONGITUD FIJA--INFORMACIÓN GENERAL
campo de control de longitud fija 051017s1962 sp ||||1| spa d
100 1# - ENTRADA PRINCIPAL--NOMBRE DE PERSONA
Nombre de persona Mayán Fernández, Francisco.
9 (RLIN) 79329
245 13 - MENCIÓN DEL TÍTULO
Título El mariscal Pardo de Cela y la Iglesia de Mondoñedo a la luz de nueva documentación histórica /
Mención de responsabilidad, etc. Francisco Mayán Fernández.
260 ## - PUBLICACIÓN, DISTRIBUCIÓN, ETC.
Lugar de publicación, distribución, etc. Lugo :
Nombre del editor, distribuidor, etc. [s.n.],
Fecha de publicación, distribución, etc. 1962 (
Fabricante Gráf. A. Santiago)
300 ## - DESCRIPCIÓN FÍSICA
Extensión 80 p., 5 lám. ;
Dimensiones 21 cm.
852 ## - LOCALIZACIÓN
Ubicación ES-MaACL
Número de control de estantería C-21993
Sublocalización o colección R.50372
Holdings
Estatus retirado Estado de pérdida Estado de daño No para préstamo Biblioteca de origen Biblioteca actual Ubicación en estantería Fecha de adquisición Fuente de adquisición Total de préstamos Signatura topográfica completa Código de barras Visto por última vez Precio de reemplazo Tipo de ítem Koha
        Biblioteca del Ateneo de Madrid Biblioteca del Ateneo de Madrid Galería 17/01/2008     C-21993 1105790 23/02/2023 23/02/2023 Libro impreso